| 000 | 005700000a22001810004500 | ||
|---|---|---|---|
| 020 | _a84-8164-230-4 | ||
| 041 | 0 | _aSPA | |
| 082 | 0 | 4 | _aG 291.13 D568e |
| 100 | 1 | _aDiez de Velasco, Francisco | |
| 245 | 1 | 0 | _aLenguajes de la religión : Mitos, símbolos e imágenes de la Grecia antigua / Francisco Diez de velasco |
| 260 | _aMadrid, España : Trotta | ||
| 650 | 1 | 4 | _aRELIGIONES \ GRECIA - RELIGION \ GRECIA - MITOLOGIA |
| 001 | 8980 | ||
| 942 | _cBK | ||
| 999 |
_c39072 _d39072 |
||
| 336 |
_atexto _btxt _2rdacontent |
||
| 337 |
_2rdamedia _asin mediación _bn |
||
| 338 |
_2rdacarrier _avolumen _bnc |
||